Responses for Show #5470 - Friday, May 23, 2008

Larissa Kelly game 4.

Contestants

[<< previous game]

Will Blashka, a student from Woodbury, New York

Sara Orel, a professor of art history from Kirksville, Missouri

Larissa Kelly, a grad student from El Cerrito, California (whose 3-day cash winnings total $108,600)

[next game >>]

Jeopardy! Round responses

AUSTRALIA
THE PAPARAZZI LOVE...
JUST DESSERTS
FAMOUS FACES IN HISTORY
MUSICAL INSTRUMENTS
"B" PLUS
    $200 1
chocolates

Larissa
    $200 7
Lindsay Lohan

Will
    $200 11
marshmallows

Sara
    $200 6
Mona Lisa

Larissa
    $200 19
a triangle

Sara
    $200 26
(Larissa: What is omega?)

beta

LarissaWill
    $400 2
the Alps

Sara
    $400 24
Jessica Simpson

Will
    $400 12
Three Musketeers

Sara
    $400 8
(Mathew) Brady

Larissa
    $400 20
the viola

Sara
    $400 27
bowling

Sara
    $600 3
cricket

Will
    $600 25
Pamela Anderson

Will
    $600 13
cannolis

Will
    $600 16
Uncle Sam

Larissa
    $600 21
the ukulele

Will
    $600 28
"A Brand New Bag"

Larissa
    $800 4
Qantas

Will
    $800 9
Angelina Jolie

Larissa
    $800 14
Jack Daniel's

Sara
    $800 17
Jesus

Sara
    $800 22
the bass

Sara
    $800 29
boat people

Larissa
    $1000 5
an echidna

Will
    $1000 10
Miley Cyrus

Sara
    $1000 15
Reddi-wip

Will
    $2,000 18
(Adolf) Hitler

Sara
    $1000 23
a harp

Will
    $1000 30
the Burmese python

Will

Scores at the first commercial break (after clue 15):

Larissa Sara Will
$1,600 $2,800 $4,200

Scores at the end of the Jeopardy! Round:

Larissa Sara Will
$3,400 $7,400 $8,000

Double Jeopardy! Round responses

ALFRED HITCHCOCK MOVIES
PSYCH "O"
FAMILY PLOT
ROPE
THE BIRDS
SPELLBOUND
(Alex: But you do not have to spell the correct response.)
    $400 7
Jimmy Stewart

Larissa
    $400 10
an outpatient

Larissa
    $400 29
The Swiss Family Robinson

Larissa
    $400 6
a square knot

Sara
    $400 4
the bald eagle

Larissa
    $400 2
(Alex: Instead of a "C", for [*].)

Commando

Triple Stumper
    $800 9
the Bates Motel

Will
    $800 15
occupational therapy

Sara
    $800 27
the Ambersons

Larissa
    $800 30
macrame

Will
    $800 23
a gull

Larissa
    $800 3
Missouri

Sara
    $1200 12
a lifeboat

Larissa
    $1200 16
obsessive-compulsive disorder

Larissa
    $1200 25
Old Yeller

Larissa
    $1200 28
a lasso

Triple Stumper
    $1200 14
a raven

Will
    $1200 22
chi

Will
    $1600 8
The 39 Steps

Sara
    $1600 17
the oral stage

Larissa
    $8,000 19
The Sound And The Fury

Larissa
    $1600 13
(Will: What is a league?)

a fathom

LarissaWill
    $1600 1
a gizzard

Will
    $1600 20
(Larissa: Who is Burton?)

T.E. Lawrence

LarissaSara
    $2000 11
(Daphne) du Maurier

Sara
    $2000 18
occipital

Larissa
    $2000 24
Louis L'Amour

Sara
    $3,000 26
(Larissa: What is mare shank?)

a sheepshank

Larissa
    $2000 5
a parrot

Sara
    $2000 21
"SA" (essay)

Sara

Scores at the end of the Double Jeopardy! Round:

Larissa Sara Will
$18,800 $20,600 $12,000

[wagering suggestions for these scores]

Final Jeopardy! Round responses

RELIGION
(Alex: Jacob Amman was a Mennonite, split from the group, formed [*].)
WillWho are the Amish?
$8,601
LarissaWho are the Amish?
$18,797
SaraWho are the Anabaptists?
$17,001
the Amish

Final scores:

Larissa Sara Will
$37,597 $3,599 $20,601
4-day champion: $146,197 3rd place: $1,000 2nd place: $2,000

Game dynamics:

Coryat scores:

Larissa Sara Will
$15,400 $19,600 $12,000
20 R
(including 1 DD),
3 W
(including 1 DD)
20 R
(including 1 DD),
0 W
17 R,
1 W

Combined Coryat: $47,000

[game clues] [game scores] [suggest correction]

Game tape date: 2008-02-19
The J! Archive is created by fans, for fans. Scraping, republication, monetization, and malicious use prohibited; this site may use cookies and collect identifying information. See terms. The Jeopardy! game show and all elements thereof, including but not limited to copyright and trademark thereto, are the property of Jeopardy Productions, Inc. and are protected under law. This website is not affiliated with, sponsored by, or operated by Jeopardy Productions, Inc. Join the discussion at JBoard.tv.